| 000 | 00749nam a22002177a 4500 | ||
|---|---|---|---|
| 003 | 0 | ||
| 005 | 20250129105459.0 | ||
| 008 | 150928b xxu||||| |||| 00| 0 eng d | ||
| 050 |
_aPGS LB 3605 _b.T819 2015 |
||
| 100 | _aTria, Philippe Nicolas C. | ||
| 245 |
_aExtra-curricular activities and social skills / _cPhilippe Nicolas C. Tria. |
||
| 260 |
_aLas PiƱas City, Philippines : _bSouthville International School and Colleges, _c2015. |
||
| 300 |
_a20 p. : _bill. ; _c28 cm. |
||
| 504 | _aIncludes bibliographical references. | ||
| 650 | _aExtracurricular activities. | ||
| 650 | _aSocial skills in children. | ||
| 650 | _aSocial interaction. | ||
| 650 | _aChild development. | ||
| 650 | _aGroup work in education. | ||
| 942 |
_2lcc _cPASS |
||
| 999 |
_c288764 _d288764 |
||